[Event "GER Seniors Derby 17th"]
[Site "Wesel Undeloh"]
[Date "2018.03.17"]
[Round "6"]
[White "Meyer, Willfried"]
[Black "Hans, Juergen"]
[Result "1/2-1/2"]
[WhiteElo "1840"]
[BlackElo "1503"]
[PlyCount "66"]
[EventDate "2018.03.15"]
[EventType "swiss"]
[EventRounds "7"]
[EventCountry "GER"]
[SourceTitle "EXT 2019"]
[Source "ChessBase"]
[SourceDate "2018.10.10"]
[SourceVersion "1"]
[SourceVersionDate "2018.10.10"]
[SourceQuality "1"]

1. d4 e6 2. Bf4 f5 3. e3 Nf6 4. Bd3 d6 5. Nd2 Be7 6. e4 0-0 7. e5 Nd5 8. Bg3 Nb4 9. Qh5 Nxd3+ 10. cxd3 f4 11. Ngf3 fxg3 12. hxg3 h6 13. Qg4 Bg5 14. Ne4 Rf5 15. Ke2 d5 16. Nexg5 Rxg5 17. Nxg5 Qxg5 18. Qxg5 hxg5 19. Rh5 Nc6 20. Rah1 Nxd4+ 21. Kd2 Nf5 22. Rh8+ Kf7 23. Rd8 Nh6 24. f4 g4 25. Rc1 c6 26. Rh1 b6 27. Rh5 Ke7 28. Rh8 Kf7 29. f5 Nxf5 30. Rd8 Nh6 31. Rh8 Kg6 32. Rh4 Bb7 33. Rxa8 Bxa8 1/2-1/2

[Event "GER Seniors Derby 17th"]
[Site "Wesel Undeloh"]
[Date "2018.03.15"]
[Round "1"]
[White "Hans, Juergen"]
[Black "Kabierschke, Wolfgang"]
[Result "0-1"]
[WhiteElo "1503"]
[BlackElo "1982"]
[PlyCount "58"]
[EventDate "2018.03.15"]
[EventType "swiss"]
[EventRounds "7"]
[EventCountry "GER"]
[SourceTitle "EXT 2019"]
[Source "ChessBase"]
[SourceDate "2018.10.10"]
[SourceVersion "1"]
[SourceVersionDate "2018.10.10"]
[SourceQuality "1"]

1. f4 d5 2. Nf3 Nf6 3. e3 Bg4 4. h3 Bxf3 5. Qxf3 e6 6. g4 Be7 7. d3 c6 8. g5 Nfd7 9. Nc3 e5 10. h4 b5 11. Bd2 a5 12. Nxd5 cxd5 13. Qxd5 Ra6 14. fxe5 Rc6 15. Qxb5 Rc5 16. Qa4 Rxe5 17. 0-0-0 0-0 18. d4 Re6 19. Bh3 Ra6 20. c3 Qc7 21. Qc2 Nb6 22. Bf1 Nc4 23. Bxc4 Qxc4 24. Qb3 Qc7 25. e4 Nc6 26. Qc4 Qb7 27. Bf4 Rc8 28. Rh2 Nb4 29. Qb3 a4 0-1